Normal view
MARC view
- QUEUEING THEORY ALGEBRA LINEAR
Entry Topical Term
001 - CONTROL NUMBER
- control field: 67387
003 - CONTROL NUMBER IDENTIFIER
- control field: NUST
005 - DATE AND TIME OF LATEST TRANSACTION
- control field: 20210628203815.0
008 - FIXED-LENGTH DATA ELEMENTS
- fixed length control field: 210628|| aca||aabn | a|a d
040 ## - CATALOGING SOURCE
- Original cataloging agency: NUST
- Transcribing agency: NUST
150 ## - HEADING--TOPICAL TERM
- Topical term or geographic name entry element: QUEUEING THEORY ALGEBRA LINEAR
670 ## - SOURCE DATA FOUND
- Source citation: Work cat.: (NUST): LIPSKY, LESTER R 67386, QUEUEING THEORY , A LINEAR ALGEBRIC APPROACH, 1992
